Séneca (Record no. 131918)

MARC details
000 -LEADER
campo de control de longitud fija 00596nam a2200169 4500
001 - NÚMERO DE CONTROL
campo de control 131918
003 - IDENTIFICADOR DE NÚMERO DE CONTROL
campo de control ES-MaACL
005 - FECHA Y HORA DE LA ÚLTIMA TRANSACCIÓN
campo de control 20230906194054.0
007 - CAMPO FIJO DE DESCRIPCIÓN FÍSICA--INFORMACIÓN GENERAL
campo de control de longitud fija t|
008 - DATOS DE LONGITUD FIJA--INFORMACIÓN GENERAL
campo de control de longitud fija 070214s1969 sp r ||||1| spa d
100 1# - ENTRADA PRINCIPAL--NOMBRE DE PERSONA
Nombre de persona Rodríguez Navarro, Eloy.
9 (RLIN) 98696
245 10 - MENCIÓN DEL TÍTULO
Título Séneca
Resto del título : religión sin mitos /
Mención de responsabilidad, etc. Eloy Rodríguez Navarro.
260 ## - PUBLICACIÓN, DISTRIBUCIÓN, ETC.
Lugar de publicación, distribución, etc. Madrid :
Nombre del editor, distribuidor, etc. Universidad, Seminario de Historia de los Sistemas Filosóficos,
Fecha de publicación, distribución, etc. 1969.
300 ## - DESCRIPCIÓN FÍSICA
Extensión 256 p. ;
Dimensiones 19 cm.
710 2# - ENTRADA AGREGADA--NOMBRE DE ENTIDAD CORPORATIVA
Nombre de entidad corporativa o nombre de jurisdicción como elemento de entrada Universidad de Madrid.
Unidad subordinada Seminario de Historia de los Sistemas Filosóficos.
9 (RLIN) 7217
852 ## - LOCALIZACIÓN
Ubicación ES-MaACL
Número de control de estantería C-50865
Sublocalización o colección R.69716
Holdings
Estatus retirado Estado de pérdida Estado de daño No para préstamo Biblioteca de origen Biblioteca actual Ubicación en estantería Fecha de adquisición Fuente de adquisición Total de préstamos Signatura topográfica completa Código de barras Visto por última vez Precio de reemplazo Tipo de ítem Koha
        Biblioteca del Ateneo de Madrid Biblioteca del Ateneo de Madrid Depósito 2 17/01/2008     C-50865 1137340 23/02/2023 23/02/2023 Libro impreso